|
|
|
|
| LEADER |
00000nam a2200000 a 4500 |
| 001 |
vtls010517029 |
| 003 |
SK-MaSNL |
| 005 |
20260331210056.0 |
| 008 |
160430s2012 xo a b 000 0 slo |
| 015 |
|
|
|a SNBSAB2012
|
| 020 |
|
|
|a 9788085148619
|q (brož.)
|
| 040 |
|
|
|a SNK
|b slo
|c SNK
|e AACR2
|
| 041 |
0 |
|
|a slo
|
| 044 |
|
|
|a xo
|c SK
|
| 072 |
|
7 |
|a 821-31/-34
|x Ľúbostná, dobrodružná, fantastická próza
|2 konspekt
|
| 072 |
|
7 |
|a 01
|x Bibliografia. Katalógy
|2 konspekt
|
| 080 |
|
|
|a 821-34
|2 2001
|
| 080 |
|
|
|a 398
|2 2001
|
| 080 |
|
|
|a 015
|2 2001
|
| 080 |
|
|
|a (437.6)
|2 2001
|
| 100 |
1 |
|
|a Jančulová, Ivana,
|d 1982-
|4 com
|9 253238
|
| 245 |
1 |
0 |
|a Povesti o Žiline a okolí
|b bibliografický súpis
|c [zostavila: Ivana Jančulová ; ilustrácie: Stanislav Lajda ; zodp. redaktorka: Katarína Šušoliaková]
|
| 260 |
|
|
|a Žilina
|b Krajská knižnica
|c 2012
|
| 300 |
|
|
|a 13 s.
|b obr.
|c 21 x 15 cm
|
| 366 |
|
|
|e 50 výt.
|
| 504 |
|
|
|a Obsahuje 44 zázn. beletrie, odbornej literatúry
|
| 650 |
0 |
7 |
|a povesti
|2 SNKPH
|9 30120
|
| 650 |
0 |
7 |
|a legendy
|2 SNKPH
|9 113284
|
| 650 |
0 |
7 |
|a Legends
|2 SNKPHeng
|9 335012
|
| 651 |
|
7 |
|a Žilina (Slovensko)
|2 SNKPHgeo
|9 28812
|
| 655 |
|
7 |
|a regionálne bibliografie
|2 SNKPH
|9 70484
|
| 655 |
|
7 |
|a Regional bibliographies
|2 SNKPHeng
|9 265209
|
| 700 |
1 |
|
|a Lajda, Stanislav,
|d 1959-
|4 ill
|9 90553
|
| 700 |
1 |
|
|a Šušoliaková, Katarína,
|d 1965-
|4 lso
|9 258982
|
| 919 |
|
|
|a 978-80-85148-61-9
|
| 958 |
|
|
|a RG
|
| 958 |
|
|
|a LX
|
| 999 |
|
|
|c 753198
|d 755128
|
| 952 |
|
|
|a SNK
|b SNK
|y PREZ
|7 0
|p 17A1070405
|o snkOSE 4875
|i snk2013/12811
|8 0
|0 0
|1 0
|4 0
|d 2013-06-05
|l 0
|r 2026-02-23 23:39:08
|w 2026-02-23
|
| 952 |
|
|
|a SNK
|b SNK
|y PREZ
|7 0
|p 17A1070419
|o snkOSE 4875 D1
|i snk2013/12812
|8 0
|0 0
|1 0
|4 0
|d 2013-06-05
|l 0
|r 2026-02-23 23:39:08
|w 2026-02-23
|